Ja sóc aquí (Registre núm. 59140)
[ vista simple ]
| 000 -LEADER | |
|---|---|
| campo de control de longitud fija | 01048aam a2200337a 44500 |
| 008 - DATOS DE LONGITUD FIJA--INFORMACIÓN GENERAL | |
| campo de control de longitud fija | 000523s1990-1999 cat |
| 041 ## - CÓDIGO DE IDIOMA | |
| Código de lengua del texto/banda sonora o título independiente | cat |
| 080 ## - NÚMERO DE LA CLASIFICACIÓN DECIMAL UNIVERSAL | |
| Número de la Clasificación Decimal Universal | 649.1(038) |
| 110 ## - ENTRADA PRINCIPAL--NOMBRE DE ENTIDAD CORPORATIVA | |
| Nombre de entidad corporativa o nombre de jurisdicción como elemento de entrada | Consorci per a la Normalització Lingüística. Servei Local de Català de Cerdanyola del Vallès |
| 9 (RLIN) | 61486 |
| 245 ## - MENCIÓN DEL TÍTULO | |
| Título | Ja sóc aquí |
| 245 ## - MENCIÓN DEL TÍTULO | |
| Mención de responsabilidad, etc. | Consorci per a la Normalització Lingüística. Servei Local de Català de Cerdanyola del Vallès. |
| 260 ## - PUBLICACIÓN, DISTRIBUCIÓN, ETC. | |
| Lugar de publicación, distribución, etc. | [Cerdanyola del Vallès] |
| 260 ## - PUBLICACIÓN, DISTRIBUCIÓN, ETC. | |
| Nombre del editor, distribuidor, etc. | Servei Local de Català de Cerdanyola del Vallès |
| 260 ## - PUBLICACIÓN, DISTRIBUCIÓN, ETC. | |
| Fecha de publicación, distribución, etc. | 1990-1999 |
| 300 ## - DESCRIPCIÓN FÍSICA | |
| Extensión | 1 full |
| Otras características físicas | il. |
| 500 ## - NOTA GENERAL | |
| Nota general | Document fotocopiat |
| 520 ## - RESUMEN, ETC. | |
| Nombre de termes | 65 |
| 591 ## - Codi de font | |
| Codi de font | 6594 |
| 592 ## - Tipus obra | |
| Tipus d'obra | Obra terminològica |
| 593 ## - Codi CGAT | |
| Codi de la CGAT | ISHA |
| 593 ## - Codi CGAT | |
| Codi de la CGAT | KV |
| 594 ## - Número de document | |
| Número de document | 6594 |
| 650 ## - PUNTO DE ACCESO ADICIONAL DE MATERIA--TÉRMINO DE MATERIA | |
| Término de materia o nombre geográfico como elemento de entrada | articles de puericultura |
| 9 (RLIN) | 64927 |
| 650 ## - PUNTO DE ACCESO ADICIONAL DE MATERIA--TÉRMINO DE MATERIA | |
| Término de materia o nombre geográfico como elemento de entrada | roba infantil |
| 9 (RLIN) | 64918 |
| 901 ## - ELEMENTOS DE DATOS A LOCAL LDA (RLIN) | |
| c | [<199->?] |
| 902 ## - ELEMENTOS DE DATOS B LOCAL, LDB (RLIN) | |
| a | 000523 |
| 942 ## - ELEMENTOS DE ENTRADA SECUNDARIOS (KOHA) | |
| Tipo de ítem Koha | Monografia |
| Suprimir en OPAC | No |
| Estatus retirado | Estado de pérdida | Estado de daño | No para préstamo | Biblioteca de origen | Biblioteca actual | Fecha de adquisición | Total de préstamos | Signatura topográfica completa | Código de barras | Visto por última vez | Precio de reemplazo | Tipo de ítem Koha |
|---|---|---|---|---|---|---|---|---|---|---|---|---|
| TERMCAT | TERMCAT | 23/05/2000 | KV 2 Caixa | 08212 | 30/09/2021 | 30/09/2021 | MO |